Patryk Vega - filmy - Statystyki

Ogólne statystyki
  • Ten quiz został rozwiązany 234 razy
  • Średni wynik to 6 z 14
Statystyki odpowiedzi
Charakterystyka Rok wydania Odpowiedź % Poprawnych
Przedstawienie szalonego, pełnego absurdów świata polskiej polityki od kuchni. Wydarzenia i postacie - w mniejszym, czy też większym stopniu - bazują na rzeczywistych postaciach. Uważany za najbardziej kontrowersyjny film tegoż reżysera. 2019 Polityka
88%
Losy paru kobiet, które przeżyły traumatyczne wydarzenia związane z polską służbą zdrowia, łączą się, kiedy usiłują dokonać vendetty na całym systemie. Najbardziej znany z racji najgorszego wykonanego techniką komputerową płodu ludzkiego w historii. 2017 Botoks
67%
Historia wzorowana na "Księciu" Niccolo Machiavelli'ego. Losy skłóconych ze sobą braci, policjanta i kibola, ponownie się przeplatają, kiedy ten drugi jest posądzony o działalność przestępczą, a pierwszy usiłuje wyciągnąć go i zrobić z niego marionetkę. W tle rozgrywają się liczne nawiązania do afer ze świata polskiej piłki nożnej. 2020 Bad Boy
63%
Wydalona z pracy policjantka otrzymuje ofertę nie do odrzucenia. Jej zadaniem będzie infiltracja zasobów warszawskiej grupy kryminalnej, handlującej narkotykami. Nieświadomie stają się zapalnikiem dla wydarzeń, po których stołeczna przestępczość nigdy nie będzie taka sama. 2018 Kobiety mafii
61%
Gang feministek przejmuje władzę w Warszawie. Nowe rządy oznaczają nowe plany wobec warszawskiego półświatka przestępczego. Głównym celem jest wprowadzenie pokaźnej ilości narkotyków do kraju. Najbardziej pamiętną rzeczą z całego filmu, jest Piotr Adamczyk z brodą, jednoznacznie, wzorowaną na wikingach. 2019 Kobiety mafii 2
56%
Stołeczni policjanci z Wydziału Zabójstw borykają się z własnymi osobistymi problemami, które przekładają się na skuteczność i jakość ich pracy. Film prezentuje nam to, jak łatwo w tej pracy o zrezygnowanie i przejście na przeciwną stronę barykady - którą, jak wiadomo - trzeba trzymać. 2005 PitBull
43%
Napięta atmosfera w Warszawie zmusza policję do złączenia działań dwóch komend,a by te podjęły walkę z Grupą Mokotowską. Zaczyna się niebezpieczna rozgrywką, gdyż dokładnie nie wiadomo, po której stronie barykady jest dany "policjant". Doskonale kojarzony z już iście kultowych, wulgarnych tekstów, które w internecie stały się viralem. 2016 PitBull. Nowe Porządki
41%
We Wrocławiu dochodzi do serii makabrycznych morderstw na tle historycznym. Doświadczona, zmęczona życiem policjantka, podejmuje się rozwiązania zagadki. W tym filmie słynna Hanka Mostowiak dokonuje autoparodii. 2018 Plagi Breslau
31%
Młode, znudzone swoim dotychczasowym życiem, policjantki podejmują się wstąpienia do szeregów warszawskiej policji. W międzyczasie wikłają się w skomplikowane relacje z członkami niebezpiecznych organizacji spoza Warszawy. 2016 PitBull. Niebezpieczne kobiety
28%
Przegrany Tomek wygrywa w audycji radiowej rodzinny wyjazd do Egiptu. Oczekując przygody życia i bagażu pozytywnych doświadczeń, sam traci własny bagaż i doświadcza wielu kompromitujących doświadczeń wraz z bliskimi. 2013 Last Minute
24%
Nowa, tajna organizacja wywiadowcza zrzesza dawnych kombatantów i agentów. Po wdrożeniu ich do swoich pierwszych akcji, ci zaczynają miewać wątpliwości, co do uczciwości intencji swoich zwierzchników. 2014 Służby specjalne
24%
Zgraja patologicznych i nieprzystosowanych do sytuacji braci, rusza na ratunek swojej ukochanej siostrze. Wikłają się oni przy okazji we wszelakie, rozmaite kontakty z płcią przeciwną. Film wzbogacony o gościnny występ Krzysztofa Kononowicza. 2010 Ciacho
21%
Najsłynniejszy agent polskiego wywiadu o kryptonimie J-23 wpada na trop jednej z największych tajemnic III Rzeszy - skarbu nazistów. Ponownie wraca na trop, w którym to również nadarzy mu się okazja skonfrontowania ze swoim nemezis - Sturmbannführerem Wermachtu. 2012 Hans Kloss. Stawka większa niż śmierć
12%
Zagraniczny biznesmen zostaje posądzony o bycie zamachowcem, kiedy to w chwili zamachu na prezydenta - bawi się czerwonym laserem. Największy sukces Vegi - zaangażowanie do swojej produkcji światowej sławy aktora - Ewana McGregora. 2017 Czerwony punkt
8%
Nie znaleziono quizów pasujących do podanych kryteriów
Rozkład punktacji
Procent ludzi z każdym wynikiem
Percentyl według liczby udzielonych odpowiedzi
Twoja historia wyników
Nie rozwiązałeś tego quizu